[Event "RSA-ch op"]
[Site "Durban"]
[Date "2024.06.29"]
[Round "2"]
[White "Rust, Keith"]
[Black "Combrink, Juan Louis"]
[Result "1-0"]
[WhiteElo "1963"]
[BlackElo "1579"]
[PlyCount "117"]
[EventDate "2024.06.29"]
[EventType "swiss"]
[EventRounds "11"]
[EventCountry "RSA"]
[SourceTitle "EXT 2025"]
[Source "ChessBase"]
[SourceDate "2024.10.14"]
[SourceVersion "1"]
[SourceVersionDate "2024.10.14"]
[SourceQuality "1"]

1. c4 c5 2. Nc3 g6 3. g3 Bg7 4. Bg2 Nc6 5. e4 d6 6. Nge2 Nf6 7. 0-0 0-0 8. d3 Bd7 9. h3 e5 10. Nd5 Nxd5 11. cxd5 Nd4 12. Nxd4 cxd4 13. Qb3 b6 14. Bd2 a5 15. a4 f5 16. f4 fxe4 17. dxe4 b5 18. axb5 Qb6 19. Rfc1 Bh6 20. Rf1 Rfc8 21. Rf2 Rc5 22. Bf1 exf4 23. Bxf4 Bxf4 24. gxf4 Bxb5 25. Rd1 Rb8 26. Rxd4 Qa7 27. Qd1 Bxf1 28. Kxf1 Rbc8 29. Kg2 Rc1 30. Qd3 a4 31. Rd2 R8c4 32. Qe3 Ra1 33. R4d3 Qb7 34. e5 Rcc1 35. exd6 Rg1+ 36. Qxg1 Rxg1+ 37. Kxg1 Qd7 38. Kg2 Qxd6 39. Rd4 Qd7 40. d6 g5 41. fxg5 Qb7+ 42. Rd5 Qd7 43. Rc5 Qb7+ 44. Kg3 Qh1 45. Rcd5 Qg1+ 46. Kf3 Qf1+ 47. Ke4 Qc4+ 48. Ke5 Qh4 49. d7 Qxg5+ 50. Kd6 Qf4+ 51. Kc5 Qc7+ 52. Kb5 Qb7+ 53. Kxa4 Qa6+ 54. Kb4 Qb7+ 55. Kc3 Qc6+ 56. Kb3 Qb6+ 57. Kc2 Qc6+ 58. Kb1 Qg6+ 59. R5d3 1-0

[Event "Africa-ch U14"]
[Site "Johannesburg"]
[Date "2024.06.22"]
[Round "9"]
[White "Combrink, Juan Louis"]
[Black "El Behi, Hatem"]
[Result "1/2-1/2"]
[WhiteElo "1579"]
[BlackElo "1731"]
[PlyCount "84"]
[EventDate "2024.06.16"]
[EventType "swiss"]
[EventRounds "9"]
[EventCountry "RSA"]
[SourceTitle "EXT 2025"]
[Source "ChessBase"]
[SourceDate "2024.10.14"]
[SourceVersion "1"]
[SourceVersionDate "2024.10.14"]
[SourceQuality "1"]

1. d4 Nf6 2. Nc3 d5 3. Bf4 a6 4. e3 Bf5 5. Nf3 e6 6. Ne5 Bd6 7. a3 Nbd7 8. Bd3 Bxd3 9. cxd3 0-0 10. 0-0 Qe7 11. Rc1 Rac8 12. Re1 c5 13. Nxd7 Nxd7 14. Bxd6 Qxd6 15. dxc5 Rxc5 16. d4 Rc6 17. Re2 Rfc8 18. Rec2 Qc7 19. g3 g6 20. Kf1 Nb6 21. Ke1 Na4 22. Nxd5 Qa5+ 23. Nb4 Nxb2 24. Qd2 Rxc2 25. Rxc2 Rxc2 26. Nxc2 Nd3+ 27. Ke2 Qxd2+ 28. Kxd2 Nxf2 29. Na1 Kf8 30. Ke2 Ne4 31. Kd3 Nd6 32. e4 Ke7 33. Nb3 b6 34. a4 Nb7 35. Kc4 Kd6 36. Nd2 e5 37. dxe5+ Kxe5 38. Nf3+ Kxe4 39. Ng5+ Kf5 40. Nxh7 Ke6 41. Ng5+ Kf6 42. h4 Ke5 1/2-1/2